000 00249nam a2200097Ia 4500
001 1161211
005 20250827011621.0
008 250824s9999 xx 000 0 und d
245 0 _aÖLÜMDEN BETER LA
_cÇAĞATAY KÜPÇÜ
260 _bDESTEK YAYINLARI
999 _c1161211
_d1161211